Normal view
MARC view
- James B. (Burt)Rishel,P.E
Entry Personal Name
001 - CONTROL NUMBER
- control field: 687
003 - CONTROL NUMBER IDENTIFIER
- control field: OSt
005 - DATE AND TIME OF LATEST TRANSACTION
- control field: 20160630145003.0
008 - FIXED-LENGTH DATA ELEMENTS
- fixed length control field: 160630|| aca||aabn | a|a d
040 ## - CATALOGING SOURCE
- Original cataloging agency: OSt
- Transcribing agency: OSt
100 ## - HEADING--PERSONAL NAME
- Personal name: James B. (Burt)Rishel,P.E
670 ## - SOURCE DATA FOUND
- Source citation: Work cat.: (OSt): James B. (Burt)Rishel,P.E, Water Pumps and Pumping Systems: Water/Wastewater Treatment Applications, 2002
